Bocetos clínicos tomados de las salas 37 y 38 en el mes de enero de 1889 (Record no. 155288)

MARC details
000 -LEADER
campo de control de longitud fija 00846nam a2200193 i 4500
001 - NÚMERO DE CONTROL
campo de control 155288
003 - IDENTIFICADOR DE NÚMERO DE CONTROL
campo de control ES-MaACL
005 - FECHA Y HORA DE LA ÚLTIMA TRANSACCIÓN
campo de control 20251014063221.0
008 - DATOS DE LONGITUD FIJA--INFORMACIÓN GENERAL
campo de control de longitud fija 020627s1889 sp |||| | spa d
040 ## - FUENTE DE CATALOGACIÓN
Centro catalogador/agencia de origen CCPB | B
Lengua de catalogación spa
Centro/agencia transcriptor CCPB | B
100 1# - ENTRADA PRINCIPAL--NOMBRE DE PERSONA
Nombre de persona Hergueta y Martín, Simón,
Fechas asociadas al nombre 1852-1930
9 (RLIN) 62714
245 10 - MENCIÓN DEL TÍTULO
Título Bocetos clínicos tomados de las salas 37 y 38 en el mes de enero de 1889
Resto del título : clínica médica /
Mención de responsabilidad, etc. por Simón Hergueta.
260 ## - PUBLICACIÓN, DISTRIBUCIÓN, ETC.
Lugar de publicación, distribución, etc. Madrid :
Nombre del editor, distribuidor, etc. [s.n.],
Fecha de publicación, distribución, etc. 1889 (
Fabricante Escuela tipográfica del Hospicio)
300 ## - DESCRIPCIÓN FÍSICA
Extensión 120 p. ;
Dimensiones 18 cm.
594 ## - Nota al título y mención de responsabilidad
Nota al título y mención de responsabilidad Precede al título: Hospital General de Madrid.
650 07 - PUNTO DE ACCESO ADICIONAL DE MATERIA--TÉRMINO DE MATERIA
Término de materia o nombre geográfico como elemento de entrada Medicina clínica
Fuente del encabezamiento o término embne
9 (RLIN) 14921
852 ## - LOCALIZACIÓN
Ubicación ES-MaACL
Número de control de estantería T-717-F-3
Nota libre -- Enc. hol., conservando la cub. original
-- -- An. ms.: ded. del autor a Manuel Sáez Díez
-- -- Enc. en un vol. facticio
Holdings
Estatus retirado Estado de pérdida Estado de daño No para préstamo Colección Biblioteca de origen Biblioteca actual Ubicación en estantería Fecha de adquisición Total de préstamos Signatura topográfica completa Código de barras Visto por última vez Precio de reemplazo Tipo de ítem Koha
        Colección de folletos Biblioteca del Ateneo de Madrid Biblioteca del Ateneo de Madrid Depósito folletos 17/01/2008   T-717-F-3 1162439 23/02/2023 23/02/2023 Folleto